Glossary Of Marketig Terms (Record no. 2699)

MARC details
005 - DATE AND TIME OF LATEST TRANSACTION
control field 20250527081042.0
020 ## - INTERNATIONAL STANDARD BOOK NUMBER
International Standard Book Number 0-434-91859-8
082 ## - DEWEY DECIMAL CLASSIFICATION NUMBER
Classification number 658. 8 HAR
100 ## - MAIN ENTRY--PERSONAL NAME
Author name HART, N. A.
245 ## - TITLE STATEMENT
Title Glossary Of Marketig Terms
250 ## - EDITION STATEMENT
Edition statement 3rd Ed.
260 ## - PUBLICATION, DISTRIBUTION, ETC.
Place of publication, distribution, etc. London,
Name of publisher, distributor, etc. Heinemann Professional Publishing,
Date of publication, distribution, etc. 1987.
300 ## - PHYSICAL DESCRIPTION
Extent ix, 225p.
Dimensions 23cm.
700 ## - ADDED ENTRY--PERSONAL NAME
Other authors/Editors STAPLETON, J.
942 ## - ADDED ENTRY ELEMENTS (KOHA)
Source of classification or shelving scheme Dewey Decimal Classification
Koha item type Books
Holdings
Date last seen Total checkouts Full call number Barcode Cost, replacement price Price effective from Koha item type Lost status Source of classification or shelving scheme Damaged status Not for loan Withdrawn status Home library Current library Shelving location Date acquired Cost, normal purchase price
05/27/2025   658. 8 HAR 00000010157 30000.00 05/27/2025 Books   Dewey Decimal Classification       College of Business Education Main Library College of Business Education Main Library General Collection 07/04/1991 10000.00
05/27/2025   658. 8 HAR 00000010158 30000.00 05/27/2025 Books   Dewey Decimal Classification       College of Business Education Main Library College of Business Education Main Library General Collection 07/04/1991 10000.00